000
00265nam a2200097Ia 4500
001
654800
005
20250826154524.0
008
250824s9999 xx 000 0 und d
245
0
_a
LEVENT TÜRKİYEYİ GEZİYORUM 15 BURSA DA
_c
MUSTAFA ORAKÇI
260
_b
TİMAŞ ÇOCUK
999
_c
654800
_d
654800